[Event "ICS rated blitz match"]
[Site "204.178.125.65"]
[Date "1999.11.09"]
[Round "?"]
[White "MissSilicon"]
[Black "Hossa"]
[Result "1/2-1/2"]
[WhiteElo "2723"]
[BlackElo "2384"]
[PlyCount "350"]
[EventDate "1999.??.??"]

1. e4 c5 2. Nf3 d6 3. d4 cxd4 4. Nxd4 Nf6 5. Nc3 a6 6. Bd3 e6 7. O-O b5 8. Bg5
Bb7 9. Re1 Be7 10. a4 b4 11. Na2 Qa5 12. Bd2 d5 13. Nxb4 Bxb4 14. Nb3 Bxd2 15.
Nxa5 Bxa5 16. e5 Nfd7 17. b4 Bc7 18. f4 Bb6+ 19. Kh1 O-O 20. c4 dxc4 21. Bxc4
Rd8 22. Qb3 Nc6 23. Rad1 Nd4 24. Qb1 Rac8 25. Bd3 Nf8 26. Be4 Bd5 27. Bxd5 exd5
28. a5 Ba7 29. Rc1 Nfe6 30. Rxc8 Rxc8 31. Rc1 Nc7 32. Qd3 g6 33. Qg3 Bb8 34.
Qh3 Rd8 35. Rc3 h5 36. Qh4 Re8 37. Qf6 Nce6 38. g3 Bc7 39. Qh4 Bd8 40. Qh3 Be7
41. b5 axb5 42. Qg2 Bb4 43. Rd3 Bxa5 44. Qxd5 Rd8 45. Qa2 Bb6 46. Qd2 Rc8 47.
h4 Rc4 48. Qe1 b4 49. Qf1 Bc5 50. Qa1 b3 51. Rc3 Rxc3 52. Qxc3 Kg7 53. Qb2 Bb4
54. Qa1 Ne2 55. Kg2 N6d4 56. Kf2 Bc5 57. Qb2 Kh7 58. Kg2 Bb4 59. Qa1 Kg8 60.
Qa8+ Kg7 61. e6 Nxe6 62. Qb8 Bc3 63. Qxb3 Be1 64. Qb2+ N6d4 65. Qb8 Bxg3 66.
Qe5+ Kh7 67. Qe8 Ne6 68. Qxf7+ Kh6 69. Qg8 N6xf4+ 70. Kf3 Bxh4 71. Qh8+ Kg5 72.
Qd8+ Kf5 73. Qxh4 g5 74. Qh1 Nc3 75. Ke3 Kg4 76. Qf3+ Kh4 77. Kf2 Nce2 78. Qh1+
Kg4 79. Qb7 Kh3 80. Qe4 Kh2 81. Qe7 Ng3 82. Kf3 Nh3 83. Qf6 g4+ 84. Ke3 Nh1 85.
Qb2+ Kg1 86. Qe5 N3f2 87. Qxh5 Ng3 88. Qe5 Nge4 89. Qa1+ Kg2 90. Qa8 Kg1 91.
Qg8 Kg2 92. Qb8 Kg1 93. Qc7 Kg2 94. Kd4 Kg1 95. Qc1+ Kg2 96. Qf4 Kf1 97. Ke3
Kg1 98. Qf7 Kh2 99. Qh7+ Kg1 100. Qg7 Nc3 101. Qg8 Kg2 102. Kd4 Ne2+ 103. Kd5
Kf1 104. Qb8 Nc3+ 105. Ke6 Nce4 106. Qb5+ Kg2 107. Qf5 g3 108. Qb5 Kg1 109.
Qb1+ Kh2 110. Qb8 Kg1 111. Qe5 g2 112. Kd5 Kf1 113. Qa1+ Ke2 114. Qg1 Kf3 115.
Qe1 Kg4 116. Kc4 Kf3 117. Kd4 Kg4 118. Qg1 Kf3 119. Qb1 Kg4 120. Ke3 Kh3 121.
Qa1 Kh2 122. Qh8+ Kg3 123. Qb8+ Kh3 124. Kf3 g1=N+ 125. Ke3 Kg2 126. Qg8+ Ng3
127. Qd5+ Kf1 128. Qf7 Ngh3 129. Qc4+ Kg1 130. Qg8 Kg2 131. Qd5+ Kh2 132. Kd4
Nf4 133. Qg8 Nge2+ 134. Ke3 Nd1+ 135. Kf3 Ndc3 136. Qg7 Ncd5 137. Qh7+ Kg1 138.
Qa7+ Kh1 139. Qa1+ Kh2 140. Qh8+ Kg1 141. Qb2 Kh2 142. Ke4 Ndc3+ 143. Kf5 Ncd5
144. Qg7 Ne3+ 145. Ke4 Ng3+ 146. Kf3 Nef5 147. Qa7 Ngh5 148. Kg4 Nfg3 149. Qf2+
Kh1 150. Kf3 Nge2 151. Qh4+ Kg1 152. Qe1+ Kh2 153. Qb4 Ng1+ 154. Ke4 Nfh3 155.
Qb2+ Kh1 156. Qb7 N5f4 157. Qc6 Nge2 158. Ke3+ Kh2 159. Qe8 Nc3 160. Kd4 Ncd5
161. Qg8 Nb4 162. Qc4 Nbd5 163. Qb3 Nf2 164. Qf3 Kg1 165. Qg3+ Kf1 166. Qa3 Kg2
167. Qb2 Kg3 168. Qa1 Kh4 169. Qe1 Kg3 170. Qe5 Kh3 171. Qf5+ Kg2 172. Qg5+ Kf1
173. Qh6 Ke1 174. Qa6 Nb4 175. Qa1+ 175... Nd1 {Game drawn by the 50 move rule}
1/2-1/2

[Event "ICS rated blitz match"]
[Site "204.178.125.65"]
[Date "1999.11.09"]
[Round "?"]
[White "Hossa"]
[Black "MissSilicon"]
[Result "0-1"]
[WhiteElo "2396"]
[BlackElo "2711"]
[PlyCount "137"]
[EventDate "1999.??.??"]

1. e4 c5 2. Nf3 d6 3. d4 cxd4 4. Nxd4 Nf6 5. Nc3 Nc6 6. Bg5 e6 7. Bb5 Bd7 8.
Qd2 Nxd4 9. Bxd7+ Qxd7 10. Qxd4 e5 11. Qd3 Be7 12. Bxf6 Bxf6 13. Rd1 Rd8 14.
O-O O-O 15. Nd5 Bg5 16. Qg3 f6 17. Rfe1 Qa4 18. h4 Bh6 19. Qb3 Qxb3 20. axb3
Rf7 21. c3 Rfd7 22. Rd3 Kf7 23. Ra1 b6 24. b4 Rc8 25. b3 Ke6 26. g4 g6 27. Ra6
f5 28. exf5+ gxf5 29. g5 Bg7 30. c4 f4 31. b5 h6 32. gxh6 Bxh6 33. Kg2 Kf5 34.
Kf1 Rg8 35. Rh3 Rf7 36. Ra2 Kg4 37. Rh1 Kh5 38. Ra3 Rg4 39. Rh3 Bg7 40. Ra6 f3
41. Ra1 Rxh4 42. Rxh4+ Kxh4 43. Rd1 Bf8 44. b4 Kg4 45. Ra1 Kf5 46. Ra3 Ke4 47.
Rc3 Bh6 48. Ke1 Rg7 49. Kf1 Bd2 50. Nf6+ Kd4 51. Rc2 Kd3 52. Rxd2+ Kxd2 53. c5
dxc5 54. bxc5 bxc5 55. Ne4+ Kd3 56. Nxc5+ Kc4 57. Ne4 Kxb5 58. Nd2 a5 59. Nxf3
a4 60. Ne1 Rc7 61. Nf3 a3 62. Nxe5 a2 63. Ke2 a1=Q 64. Nd3 Re7+ 65. Kf3 Qa8+
66. Kg3 Qg8+ 67. Kf3 Qg6 68. Ne5 Rxe5 69. Kf4 {Hossa resigns} 0-1

[Event "ICS rated blitz match"]
[Site "204.178.125.65"]
[Date "1999.11.09"]
[Round "?"]
[White "Amateur"]
[Black "Hossa"]
[Result "1/2-1/2"]
[WhiteElo "2465"]
[BlackElo "2392"]
[PlyCount "186"]
[EventDate "1999.??.??"]

1. g3 e5 2. c4 Nf6 3. Bg2 Nc6 4. Nf3 Bc5 5. Nc3 d6 6. O-O O-O 7. d3 Bg4 8. Na4
Bb6 9. Nxb6 axb6 10. Be3 Qe7 11. Qc2 Qd7 12. Bg5 Bxf3 13. exf3 Qf5 14. Qd2 Nd4
15. f4 c6 16. Rfe1 Ra6 17. Qc3 Rfa8 18. a3 Ra5 19. fxe5 dxe5 20. Be3 Rd8 21.
Bxd4 Rxd4 22. Rad1 Nd7 23. f4 f6 24. fxe5 fxe5 25. Rf1 Qe6 26. Rf3 Qd6 27. Rdf1
Ra8 28. Qb3 Qc5 29. Kh1 Nf6 30. Rf5 Rad8 31. R1f3 Ng4 32. Bh3 Nh6 33. Rh5 Re8
34. Qa2 Nf7 35. Rhf5 Rf8 36. Qb3 Rd6 37. Bg2 g6 38. Rf6 Rxf6 39. Rxf6 Qe3 40.
a4 Qd4 41. Be4 Kg7 42. Rf1 Nd6 43. Rxf8 Kxf8 44. Bg2 h5 45. Qc2 Nf5 46. Be4 Kf7
47. Qe2 Ne3 48. h3 Kf6 49. Qf3+ Kg7 50. g4 hxg4 51. hxg4 Nc2 52. g5 Qd8 53. Qg3
Qe8 54. Qh2 Qh8 55. Qxh8+ Kxh8 56. Bxg6 Nd4 57. b4 Kg7 58. Be4 Ne6 59. g6 Nf4
60. b5 Nxg6 61. bxc6 bxc6 62. c5 bxc5 63. Bxc6 Ne7 64. Bb7 Nf5 65. a5 Nd4 66.
a6 Nb5 67. Bd5 Kh7 68. Kg2 Kg6 69. Kf3 Kf5 70. Ke3 Na7 71. Bb3 Nc8 72. Ba2 Na7
73. Bd5 Nb5 74. Bc6 Na7 75. Ba4 Kf6 76. Ke4 Ke6 77. Bb3+ Kd6 78. Bc4 Nc6 79.
Bf7 Na7 80. Kf5 Nc6 81. Bb3 Nd4+ 82. Ke4 Kc7 83. Bc4 Kb6 84. Kxe5 Nf3+ 85. Kd6
Ne1 86. Bb5 Ng2 87. d4 cxd4 88. Ke5 Ne3 89. Kxd4 Nc2+ 90. Kc3 Ne3 91. Kb3 Nd5
92. Bd3 Nc7 93. a7 93... Kxa7 {
Game drawn because neither player has mating material} 1/2-1/2

[Event "ICS rated blitz match"]
[Site "204.178.125.65"]
[Date "1999.11.09"]
[Round "?"]
[White "Hossa"]
[Black "Amateur"]
[Result "1-0"]
[WhiteElo "2395"]
[BlackElo "2462"]
[PlyCount "133"]
[EventDate "1999.??.??"]

1. e4 e5 2. d4 exd4 3. Qxd4 Nc6 4. Qc4 Nf6 5. Nf3 d5 6. exd5 Qxd5 7. Nc3 Bb4 8.
Bd2 Bxc3 9. Bxc3 O-O 10. Be2 Qxc4 11. Bxc4 Re8+ 12. Kd1 Ne4 13. Kc1 Nxc3 14.
bxc3 Na5 15. Bb5 c6 16. Ba4 Bg4 17. Nd4 b5 18. Bb3 Rab8 19. a4 b4 20. h3 Bd7
21. c4 c5 22. Nb5 Bc6 23. f3 Re7 24. Rd1 Ra8 25. Rd2 a6 26. Nd6 Re5 27. Kb2 Rb8
28. Rad1 Rf8 29. Ka2 Ra8 30. f4 Re6 31. Kb2 Rb8 32. f5 Re3 33. f6 g6 34. Rf2
Rf8 35. Rdd2 Re1 36. g4 Re3 37. h4 Bf3 38. g5 Rb8 39. Ba2 Bc6 40. Bb3 Rh3 41.
Rfe2 Rxh4 42. Re5 Nxb3 43. cxb3 Rd4 44. Rxd4 cxd4 45. Re7 Rf8 46. Kc2 Bf3 47.
a5 Bg4 48. Kd3 Bd1 49. Kxd4 Bxb3 50. Kc5 Bd1 51. Kxb4 Bg4 52. Ra7 Rb8+ 53. Kc5
Rf8 54. Rxa6 Be2 55. Ra7 Bh5 56. Re7 Ra8 57. Nxf7 Rxa5+ 58. Kb6 Ra8 59. Nh6+
Kf8 60. Rxh7 Ra6+ 61. Kxa6 Ke8 62. Kb6 Kd8 63. Rc7 Ke8 64. f7+ Kf8 65. Rc8+ Ke7
66. Kc7 Bg4 67. Re8# {Amateur checkmated} 1-0

[Event "ICS rated blitz match"]
[Site "204.178.125.65"]
[Date "1999.11.09"]
[Round "?"]
[White "StrongBach"]
[Black "Hossa"]
[Result "0-1"]
[WhiteElo "1747"]
[BlackElo "2414"]
[PlyCount "60"]
[EventDate "1999.??.??"]

1. Nc3 d5 2. d3 d4 3. Nb1 e5 4. Nf3 Nc6 5. a3 Nf6 6. a4 Bc5 7. Bg5 O-O 8. e3
dxe3 9. Bxe3 Bxe3 10. fxe3 e4 11. Ng1 Nd5 12. Qc1 Re8 13. c4 Nxe3 14. dxe4 Qh4+
15. Kd2 Qf4 16. Be2 Ng4+ 17. Kd1 Nf2+ 18. Ke1 Nd3+ 19. Bxd3 Qxc1+ 20. Ke2 Qxb2+
21. Ke3 Qxg2 22. Nd2 Qxh1 23. Ndf3 Bg4 24. Re1 Rad8 25. Bf1 Nd4 26. Bg2 Qxg2
27. Rb1 Bxf3 28. Nxf3 Qxf3+ 29. Kd2 Nb3+ 30. Kc2 30... Rd2# {
StrongBach checkmated} 0-1

[Event "ICS rated bullet match"]
[Site "204.178.125.65"]
[Date "1999.11.09"]
[Round "?"]
[White "NonWimp"]
[Black "Hossa"]
[Result "1-0"]
[WhiteElo "2636"]
[BlackElo "2412"]
[PlyCount "75"]
[EventDate "1999.??.??"]

1. d4 Nf6 2. Nf3 e6 3. c4 b6 4. g3 Ba6 5. b3 Bb4+ 6. Bd2 Nc6 7. Bxb4 Nxb4 8.
Bg2 d6 9. a3 Nc6 10. Ne5 Nxe5 11. dxe5 dxe5 12. Bxa8 Qxa8 13. O-O O-O 14. Nc3
Qc6 15. Re1 Nd7 16. e4 f5 17. Qe2 fxe4 18. Qxe4 Qc5 19. Re2 Qe7 20. Rd1 Nc5 21.
Qxe5 Qf7 22. Nb5 Bb7 23. Nd4 Nxb3 24. Nxe6 Nc5 25. Nxf8 Qf3 26. Rd5 Qxf8 27.
Qxc7 Bxd5 28. cxd5 a6 29. Qc6 Qf5 30. Qa8+ Kf7 31. Qe8+ Kf6 32. Re7 Qb1+ 33.
Kg2 Kg5 34. Re5+ Qf5 35. f4+ Kh6 36. Rxf5 g5 37. Rf6+ Kg7 38. Qf8# {
Hossa checkmated} 1-0

[Event "ICS unrated blitz match"]
[Site "204.178.125.65"]
[Date "1999.11.09"]
[Round "?"]
[White "Moron"]
[Black "Hossa"]
[Result "1-0"]
[WhiteElo "2754"]
[BlackElo "2415"]
[PlyCount "122"]
[EventDate "1999.??.??"]

1. e4 c5 2. Nf3 d6 3. d4 cxd4 4. Qxd4 Nc6 5. Bb5 Bd7 6. Bxc6 Bxc6 7. Nc3 Nf6 8.
Bg5 e6 9. O-O-O Be7 10. Rhe1 O-O 11. Qd2 Qb6 12. Nd4 Rab8 13. f3 Rfd8 14. Kb1
Rd7 15. Be3 Qb4 16. a3 Qa5 17. Nb3 Qa6 18. Qf2 Ra8 19. Nd4 d5 20. e5 Ne8 21. f4
Rc8 22. f5 Nc7 23. fxe6 fxe6 24. Rf1 Rf8 25. Qg1 Rdd8 26. Rf3 Rxf3 27. Nxf3 Rc8
28. Bc5 Bf8 29. Bxf8 Rxf8 30. Qc5 Rf7 31. Nd4 h6 32. g3 Rd7 33. Nce2 Bb5 34.
Nf4 Bc4 35. b3 b6 36. Qb4 b5 37. Ka2 Bxb3+ 38. cxb3 Qb6 39. Rc1 a5 40. Qc5 Qxc5
41. Rxc5 Kf7 42. Nd3 Kg6 43. a4 bxa4 44. bxa4 h5 45. Nf4+ Kf7 46. Nxh5 Kg6 47.
Nf4+ Kf7 48. h4 Na6 49. Rxa5 Nc7 50. Ra7 Re7 51. Nb5 Nxb5 52. Rxe7+ Kxe7 53.
axb5 d4 54. Kb3 Kd7 55. Kc4 Ke7 56. Kxd4 Kd7 57. Kc5 g5 58. hxg5 Ke7 59. b6 Kd7
60. g6 Ke7 61. b7 61... Kd7 {Hossa resigns} 1-0

[Event "ICS rated blitz match"]
[Site "204.178.125.65"]
[Date "1999.11.09"]
[Round "?"]
[White "Hossa"]
[Black "lakerda"]
[Result "1-0"]
[WhiteElo "2415"]
[BlackElo "2317"]
[PlyCount "55"]
[EventDate "1999.??.??"]

1. d4 g6 2. c4 Bg7 3. Nc3 d6 4. e4 Nc6 5. d5 Nd4 6. Bg5 c5 7. Bd3 h6 8. Be3 e5
9. dxe6 Bxe6 10. Nge2 Nxe2 11. Bxe2 Bxc3+ 12. bxc3 Nf6 13. f3 Qa5 14. Qxd6
Qxc3+ 15. Kf2 Nd7 16. Qc7 b6 17. Rac1 Qf6 18. Rhd1 Qe7 19. Kg1 O-O 20. Bxh6
Rfe8 21. Qg3 Nf8 22. Qf4 Nh7 23. e5 Rad8 24. Rxd8 Rxd8 25. a3 Rd7 26. Qg3 Qd8
27. Qe1 Rd4 28. Be3 {lakerda resigns} 1-0

[Event "ICS rated blitz match"]
[Site "204.178.125.65"]
[Date "1999.11.09"]
[Round "?"]
[White "Amateur"]
[Black "Hossa"]
[Result "1-0"]
[WhiteElo "2443"]
[BlackElo "2427"]
[PlyCount "79"]
[EventDate "1999.??.??"]

1. e4 c5 2. Nf3 d6 3. Bb5+ Bd7 4. Bxd7+ Nxd7 5. O-O Ngf6 6. Qe2 e6 7. b3 Be7 8.
Bb2 O-O 9. d4 cxd4 10. Nxd4 d5 11. exd5 exd5 12. Nf5 Re8 13. Qe3 Kh8 14. Nc3
Bf8 15. Qf4 Rc8 16. Rae1 Re6 17. Rxe6 fxe6 18. Nd6 Bxd6 19. Qxd6 e5 20. Nxd5
Rxc2 21. Nxf6 gxf6 22. Qa3 Nb8 23. b4 Nc6 24. b5 Na5 25. Bc1 a6 26. bxa6 bxa6
27. Be3 Rc6 28. Rb1 Nc4 29. Qa4 Qc8 30. Bh6 Rd6 31. a3 a5 32. Qc2 Rd4 33. h3
Kg8 34. Rb3 Kh8 35. Qf5 Rd1+ 36. Kh2 Qf8 37. Bxf8 Rd6 38. Bxd6 h6 39. Rb7 Nxa3
40. Qh7# {Hossa checkmated} 1-0

[Event "ICS rated blitz match"]
[Site "204.178.125.65"]
[Date "1999.11.09"]
[Round "?"]
[White "Hossa"]
[Black "Amateur"]
[Result "0-1"]
[WhiteElo "2425"]
[BlackElo "2458"]
[PlyCount "98"]
[EventDate "1999.??.??"]

1. d4 d5 2. Nf3 Nf6 3. c4 e6 4. Nc3 Be7 5. e3 Bb4 6. a3 Bxc3+ 7. bxc3 O-O 8. a4
Nbd7 9. Ba3 Re8 10. Be2 Nb6 11. c5 Nc4 12. Bxc4 dxc4 13. Ne5 b6 14. Rc1 Qd5 15.
f3 Ba6 16. e4 Qd8 17. O-O Nh5 18. f4 Qh4 19. Qf3 f6 20. Nc6 Bb7 21. Ne7+ Rxe7
22. c6 Bxc6 23. Bxe7 Re8 24. d5 Bxa4 25. Ra1 Bc2 26. d6 cxd6 27. Rxa7 e5 28.
fxe5 dxe5 29. g3 Qg5 30. Bd6 Qg6 31. Re1 Nf4 32. h4 Rd8 33. Ba3 h6 34. Re3 Rd3
35. Kh2 Rd2+ 36. Kh1 Nh3 37. Ra8+ Kh7 38. h5 Qg5 39. Be7 Rf2 40. Bxf6 gxf6 41.
Ra7+ Kg8 42. Ra8+ Kf7 43. Ra7+ Ke6 44. Qg2 Rxg2 45. Kxg2 Qxe3 46. Kxh3 Qf3 47.
Ra1 Bxe4 48. Kh4 Bf5 49. g4 49... Qxg4# {Hossa checkmated} 0-1

[Event "ICS rated blitz match"]
[Site "204.178.125.65"]
[Date "1999.11.09"]
[Round "?"]
[White "Hossa"]
[Black "Skeletor"]
[Result "0-1"]
[WhiteElo "2411"]
[BlackElo "2582"]
[PlyCount "167"]
[EventDate "1999.??.??"]

1. e4 c5 2. Nf3 d6 3. Bb5+ Bd7 4. Bxd7+ Qxd7 5. c4 Nc6 6. d3 e6 7. Nc3 Nf6 8.
O-O Be7 9. Be3 Ng4 10. Nd2 Nxe3 11. fxe3 Bf6 12. Nf3 Bxc3 13. bxc3 O-O 14. Nd2
Rad8 15. Qh5 f6 16. d4 cxd4 17. cxd4 Rc8 18. Qb5 Qf7 19. Qa4 Rfe8 20. Rab1 a5
21. Rb6 Qh5 22. Rf3 Qf7 23. Qb5 Re7 24. Nb3 Ra8 25. a4 Rc7 26. c5 d5 27. e5 f5
28. Rf4 Re7 29. Qe2 Ree8 30. Qe1 Qc7 31. Qf1 Rec8 32. Qb5 Rcb8 33. Rf2 Qf7 34.
Qe2 Qc7 35. Qh5 Qf7 36. Qxf7+ Kxf7 37. g4 g6 38. Nd2 Ra7 39. Nf3 h6 40. g5 hxg5
41. Nxg5+ Ke7 42. Rfb2 Nd8 43. Nf3 Kf7 44. Rg2 Ra6 45. Rd6 Rxd6 46. exd6 Nc6
47. Rb2 Ke8 48. Rb5 Kd7 49. h4 Kc8 50. Kf2 Kd7 51. Ne5+ Nxe5 52. dxe5 Kc6 53.
Rxa5 Rh8 54. Kg3 Kd7 55. Rb5 Kc6 56. Rb6+ Kxc5 57. Rxb7 d4 58. Rb5+ Kc4 59.
exd4 Kxd4 60. Ra5 Ke3 61. Rc5 Kd4 62. Rb5 Ke3 63. Rb4 g5 64. hxg5 Rg8 65. Kh3
Rxg5 66. Kh4 Rg8 67. Kh5 f4 68. a5 f3 69. Rb3+ Kf4 70. d7 Rd8 71. Kg6 Rxd7 72.
Kf6 Rd1 73. Rb4+ Kg3 74. Rb3 Kg2 75. Rb8 f2 76. Rg8+ Kf3 77. Ke7 f1=Q 78. Rf8+
Ke4 79. Rf6 Qb5 80. Kf8 Qc5+ 81. Kg8 Qe7 82. Rf7 Rg1+ 83. Kh8 Qxf7 84. a6 {
Hossa resigns} 0-1

[Event "ICS rated standard match"]
[Site "204.178.125.65"]
[Date "1999.11.09"]
[Round "?"]
[White "expert101"]
[Black "Hossa"]
[Result "0-1"]
[WhiteElo "2112"]
[BlackElo "2350"]
[PlyCount "96"]
[EventDate "1999.??.??"]

1. e3 c5 2. d4 cxd4 3. exd4 Nf6 4. Nf3 d5 5. Bd3 Nc6 6. c3 Bg4 7. h3 Bh5 8. O-O
e6 9. Bg5 Bd6 10. Nbd2 O-O 11. Re1 h6 12. Bh4 Rc8 13. Nf1 Re8 14. Bg3 e5 15.
dxe5 Nxe5 16. Bxe5 Bxf3 17. Qxf3 Bxe5 18. Rad1 Qa5 19. a3 Qa4 20. Ne3 Qf4 21.
Qxf4 Bxf4 22. Bf5 Rcd8 23. Nc2 g6 24. Bg4 Rxe1+ 25. Rxe1 Ne4 26. Nd4 Be5 27.
Bf3 f5 28. Rd1 Ng5 29. Be2 Ne4 30. Kf1 Kf7 31. Bb5 Kf6 32. Ke2 Nd6 33. Bd3 Bxd4
34. cxd4 Re8+ 35. Kd2 b5 36. Rc1 Nc4+ 37. Bxc4 bxc4 38. Rc2 g5 39. Kc3 Re4 40.
Rd2 h5 41. Kb4 Re1 42. Kc5 Ke6 43. g3 f4 44. gxf4 gxf4 45. f3 Re3 46. Rf2 c3
47. bxc3 Rxc3+ 48. Kb4 48... Rc4+ {expert101 resigns} 0-1

[Event "ICS rated blitz match"]
[Site "204.178.125.65"]
[Date "1999.11.09"]
[Round "?"]
[White "Kotronias"]
[Black "Hossa"]
[Result "0-1"]
[WhiteElo "2501"]
[BlackElo "2402"]
[PlyCount "60"]
[EventDate "1999.??.??"]

1. d4 d5 2. Nf3 Nf6 3. c4 e6 4. Nc3 Be7 5. Bg5 O-O 6. e3 Nbd7 7. Rc1 h6 8. Bh4
g5 9. Bg3 c5 10. cxd5 exd5 11. Bd3 b6 12. O-O a6 13. Ne5 Bb7 14. f4 Ra7 15. Bf5
Nxe5 16. fxe5 Ne8 17. Qh5 Kg7 18. e6 Nf6 19. Be5 Qe8 20. Rf3 Bc6 21. Rh3 Rh8
22. Rg3 fxe6 23. Rxg5+ hxg5 24. Qxg5+ Kf8 25. Bxf6 Qf7 26. Bxe7+ Qxe7 27. Qg6
exf5 28. Rf1 Qxe3+ 29. Kh1 Rf7 30. Qxc6 30... Rxh2+ {Kotronias resigns} 0-1

[Event "ICS rated blitz match"]
[Site "204.178.125.65"]
[Date "1999.11.09"]
[Round "?"]
[White "Hossa"]
[Black "Skeletor"]
[Result "0-1"]
[WhiteElo "2422"]
[BlackElo "2599"]
[PlyCount "104"]
[EventDate "1999.??.??"]

1. e4 c5 2. Nf3 d6 3. d4 cxd4 4. Nxd4 Nf6 5. Nc3 a6 6. Be3 e5 7. Nb3 Be6 8. Qd2
Be7 9. f3 O-O 10. O-O-O b5 11. g4 b4 12. Ne2 a5 13. Na1 Bxa2 14. g5 Nfd7 15.
Ng3 Be6 16. Nf5 Bxf5 17. exf5 Kh8 18. f4 Nc6 19. Bg2 Rc8 20. fxe5 Ncxe5 21. f6
gxf6 22. gxf6 Bxf6 23. Bd5 Ng4 24. Rhg1 Nxe3 25. Qxe3 Nb6 26. Qb3 a4 27. Qxb4
a3 28. Nb3 Bxb2+ 29. Kb1 Qc7 30. Rg2 Rb8 31. Qe4 Rfe8 32. Qh4 Bc3 33. Be4 f6
34. Ka2 Re7 35. Rd3 Be5 36. Qh6 Na4 37. c4 Nc3+ 38. Rxc3 Bxc3 39. Rc2 Rxe4 40.
Rxc3 Re2+ 41. Ka1 Qe7 42. Nd4 Re1+ 43. Ka2 Rb2+ 44. Kxa3 Reb1 45. Rb3 d5+ 46.
Ka4 Ra1+ 47. Kb5 Ra5+ 48. Kxa5 Qc5+ 49. Ka6 Ra2+ 50. Ra3 Rxa3+ 51. Kb7 Ra7+ 52.
Kb8 52... Qc7# {Hossa checkmated} 0-1

[Event "ICS rated blitz match"]
[Site "204.178.125.65"]
[Date "1999.11.09"]
[Round "?"]
[White "miitrei"]
[Black "Hossa"]
[Result "1-0"]
[WhiteElo "2223"]
[BlackElo "2414"]
[PlyCount "107"]
[EventDate "1999.??.??"]

1. d4 d5 2. c4 e6 3. Nf3 Bb4+ 4. Bd2 Bxd2+ 5. Nbxd2 Nf6 6. Qc2 O-O 7. e4 dxe4
8. Nxe4 Nxe4 9. Qxe4 Nd7 10. h4 c5 11. Qc2 cxd4 12. Nxd4 e5 13. Nf5 Nc5 14. Ne3
Be6 15. b4 Nd7 16. Bd3 Nf6 17. O-O Qd6 18. c5 Qd4 19. g3 Rad8 20. Rfd1 e4 21.
Bc4 Qe5 22. Bxe6 Qxe6 23. Qe2 Qe5 24. Rac1 Rd4 25. Rxd4 Qxd4 26. Rc4 Qd7 27.
Kg2 Rd8 28. Rc2 Qd4 29. Rb2 Rd7 30. a4 Qc3 31. Qc2 Qd4 32. b5 Ne8 33. c6 Rc7
34. cxb7 Rxb7 35. Qc6 Rb8 36. Ra2 Rd8 37. a5 Nd6 38. b6 axb6 39. axb6 Ne8 40.
Ra8 Kf8 41. b7 h5 42. Rc8 g6 43. b8=Q Rxc8 44. Qcxc8 Qa4 45. Qd6+ Kg7 46. Qe7
Qb5 47. Qexe8 Qxe8 48. Qxe8 g5 49. Qxe4 gxh4 50. gxh4 Kf8 51. Nf5 Kg8 52. Qe8+
Kh7 53. Qxf7+ Kh8 54. Qg7# {Hossa checkmated} 1-0

[Event "ICS rated bullet match"]
[Site "204.178.125.65"]
[Date "1999.11.09"]
[Round "?"]
[White "Hossa"]
[Black "FifthAvenue"]
[Result "1-0"]
[WhiteElo "2388"]
[BlackElo "2408"]
[PlyCount "117"]
[EventDate "1999.??.??"]

1. d4 e6 2. Nf3 d6 3. e4 Be7 4. Bb5+ Nd7 5. Nc3 a6 6. Ba4 b5 7. Bb3 c5 8. dxc5
dxc5 9. a4 c4 10. Ba2 b4 11. Ne2 Qc7 12. Qd4 Bb7 13. Qxg7 Bf6 14. Qg3 Ne5 15.
Nxe5 Bxe5 16. f4 b3 17. fxe5 Ne7 18. cxb3 cxb3 19. Bxb3 Bxe4 20. Nc3 Bg6 21.
Bg5 Nf5 22. Qf4 Qc5 23. Bf6 Rg8 24. a5 Qe3+ 25. Qxe3 Nxe3 26. Ba4+ Kf8 27. Bc6
Rc8 28. Ke2 Ng4 29. Bb7 Rc7 30. Bxa6 Nxf6 31. exf6 Bf5 32. Kf3 Rg6 33. g3 Rxf6
34. Ke3 Bg6 35. Ne4 Rf5 36. Rhd1 Re5 37. Bd3 Kg7 38. Kf3 Rd5 39. Nf2 Re5 40. b4
Rd7 41. Bxg6 hxg6 42. Rxd7 Rf5+ 43. Ke3 Rd5 44. Rxd5 exd5 45. Kd4 g5 46. Kxd5
Kg6 47. b5 Kg7 48. Kc6 f6 49. a6 g4 50. b6 Kg6 51. Nxg4 Kf5 52. Nxf6 Ke6 53.
Re1+ Kf5 54. Kd6 Kg6 55. Ke6 Kg5 56. Kf7 Kh6 57. Re7 Kg5 58. Re5+ Kh6 59. Rh5#
{FifthAvenue checkmated} 1-0

[Event "ICS rated bullet match"]
[Site "204.178.125.65"]
[Date "1999.11.09"]
[Round "?"]
[White "FifthAvenue"]
[Black "Hossa"]
[Result "1-0"]
[WhiteElo "2391"]
[BlackElo "2405"]
[PlyCount "149"]
[EventDate "1999.??.??"]

1. d3 d5 2. e3 e5 3. Be2 Nf6 4. Nd2 Nc6 5. c4 dxc4 6. Nxc4 Bb4+ 7. Bd2 Bxd2+ 8.
Nxd2 Bf5 9. Qc2 Nd5 10. a3 O-O 11. Ngf3 Bg4 12. O-O Qd7 13. h3 Bxf3 14. Nxf3
Rfe8 15. b4 Rad8 16. Rad1 Qe6 17. Rfe1 Rd7 18. Nd2 Red8 19. Ne4 Re7 20. Nc5 Qc8
21. Bg4 f5 22. Bf3 Rf7 23. Qb3 Nce7 24. e4 Nf4 25. exf5 Qxf5 26. Bg4 Qf6 27. g3
Nxh3+ 28. Bxh3 Qxf2+ 29. Kh1 Qxg3 30. d4 Qxb3 31. Nxb3 exd4 32. Be6 Nf5 33.
Bxf7+ Kxf7 34. Rf1 Kg6 35. Nxd4 Nxd4 36. Rg1+ Kf6 37. Rgf1+ Ke6 38. Rfe1+ Kf7
39. Re4 Nf5 40. Rxd8 Ng3+ 41. Kg2 Nxe4 42. Rc8 c5 43. Rc7+ Kf6 44. bxc5 a5 45.
Rxb7 Nxc5 46. Rb5 Ne6 47. Rxa5 g5 48. Ra6 h5 49. a4 Ke5 50. Rb6 Nc5 51. a5 Nd3
52. a6 Nf4+ 53. Kh1 Nd5 54. Rb7 h4 55. a7 Nc3 56. a8=Q Kf4 57. Qe8 g4 58. Rb3
Nd5 59. Qf7+ Ke5 60. Rb5 Ke4 61. Qxd5+ Ke3 62. Rb3+ Kf4 63. Qd3 Kg5 64. Rb4 g3
65. Qe4 h3 66. Qf3 g2+ 67. Kg1 Kg6 68. Kh2 g1=R 69. Kxg1 Kh6 70. Kh2 Kg5 71.
Qd5+ Kf6 72. Rb6+ Ke7 73. Qb7+ Ke8 74. Rc6 Kd8 75. Rc8# {Hossa checkmated} 1-0

[Event "ICS rated bullet match"]
[Site "204.178.125.65"]
[Date "1999.11.09"]
[Round "?"]
[White "Hossa"]
[Black "FifthAvenue"]
[Result "1-0"]
[WhiteElo "2388"]
[BlackElo "2400"]
[PlyCount "89"]
[EventDate "1999.??.??"]

1. c3 d6 2. d4 e6 3. e4 Be7 4. Nf3 a6 5. Bd3 Nd7 6. O-O c5 7. Re1 Qc7 8. Na3 b6
9. b4 Bb7 10. Bd2 Ngf6 11. Bg5 O-O 12. bxc5 bxc5 13. Rc1 Rfe8 14. Bf4 e5 15.
Bg3 Nh5 16. Nc4 Nxg3 17. hxg3 Bc6 18. Qe2 Bb5 19. Na3 Bc6 20. Nc2 a5 21. Bb5
Nf8 22. Bxc6 Qxc6 23. dxe5 Ng6 24. exd6 Bxd6 25. Rcd1 Be5 26. Nxe5 Rxe5 27. f4
Ree8 28. e5 Rac8 29. Rd6 Qc7 30. Red1 Ne7 31. Rd7 Qb6 32. Ne3 Qe6 33. R7d6 Ng6
34. Rxe6 fxe6 35. Qb5 Rb8 36. Qxc5 Rbc8 37. Qxa5 Ra8 38. Qc7 Rac8 39. Qd7 Nf8
40. Qd4 Ra8 41. a4 Ra7 42. Qxa7 Ng6 43. Rd7 Kf8 44. Rf7+ Kg8 45. Rxg7+ {
FifthAvenue resigns} 1-0

[Event "ICS unrated standard match"]
[Site "204.178.125.65"]
[Date "1999.11.09"]
[Round "?"]
[White "Hossa"]
[Black "Moron"]
[Result "1-0"]
[WhiteElo "2356"]
[BlackElo "2606"]
[PlyCount "103"]
[EventDate "1999.??.??"]

1. c3 Nf6 2. d4 g6 3. c4 Bg7 4. Nc3 d5 5. cxd5 Nxd5 6. e4 Nxc3 7. bxc3 c5 8.
Be3 Nc6 9. Ne2 cxd4 10. cxd4 O-O 11. a4 e6 12. Rc1 Re8 13. h4 h5 14. f3 Qa5+
15. Kf2 Rb8 16. g3 Bd7 17. Rc5 Qb4 18. Rb5 Qa3 19. Bh3 Nb4 20. Ra5 Nd3+ 21. Kg2
Ra8 22. d5 b6 23. dxe6 fxe6 24. Rg5 Bxa4 25. Qf1 Kh7 26. g4 hxg4 27. Bxg4 Bf6
28. h5 Bxg5 29. Bxg5 e5 30. hxg6+ Kxg6 31. f4 Rh8 32. fxe5 Raf8 33. Bf6 Ne1+
34. Qxe1 Bc6 35. Bf5+ Kf7 36. Rxh8 Rxh8 37. Bxh8 Qe3 38. Qf2 Qg5+ 39. Ng3 Qe7
40. e6+ Qxe6 41. Bxe6+ Kxe6 42. Qa2+ Kd7 43. Qxa7+ Ke6 44. Qxb6 Kd7 45. Bf6 Ba8
46. Kf2 Bxe4 47. Nxe4 Kc8 48. Qc6+ Kb8 49. Be5+ Ka7 50. Bb8+ Kxb8 51. Nc5 Ka7
52. Qb7# {Moron checkmated} 1-0

[Event "ICS rated bullet match"]
[Site "204.178.125.65"]
[Date "1999.11.09"]
[Round "?"]
[White "FifthAvenue"]
[Black "Hossa"]
[Result "0-1"]
[WhiteElo "2407"]
[BlackElo "2405"]
[PlyCount "84"]
[EventDate "1999.??.??"]

1. d3 d5 2. e3 e5 3. Nf3 Bd6 4. Be2 Nf6 5. O-O O-O 6. c4 dxc4 7. dxc4 Bg4 8. b3
Nc6 9. Bb2 Qe7 10. Nbd2 Rad8 11. h3 Bf5 12. Qc1 Rd7 13. Nh4 Be6 14. a3 Rc8 15.
Qc2 Ne8 16. Nf5 Qg5 17. Nxd6 Bxh3 18. Bf3 Nxd6 19. Kh2 Bf5 20. c5 Bxc2 21. cxd6
Rxd6 22. Ne4 Bxe4 23. Bxe4 Qh4+ 24. Kg1 Qxe4 25. Rfe1 Qc2 26. Rab1 Rf6 27. Rf1
Rxf2 28. Rxf2 Qxb1+ 29. Kh2 Qd3 30. Bc1 Qxb3 31. Rb2 Qxa3 32. Rc2 Qa4 33. Rf2
Qh4+ 34. Kg1 Rd8 35. Bd2 Qxf2+ 36. Kxf2 Rxd2+ 37. Kf3 f5 38. g4 e4+ 39. Kf4
Rf2+ 40. Kg5 h6+ 41. Kh5 Rh2+ 42. Kg6 42... Ne7# {FifthAvenue checkmated} 0-1